000 00292nam a22001337a 4500
008 170601b xxu||||| |||| 00| 0 eng d
020 _a9780801484759
041 _aeng
080 _a94
100 _a17
101 _aSHH
245 _aHISTORY OF ANCIENT EGYPT
_cHORNUNG,E
942 _2udc
_cBK
999 _c15528
_d15528